000 00719cam7a220022900 4500
001 tmp15861507
003 UPRA
005 20190830104059.0
008 951107s1976 xx spa u
035 _a(Sirsi) r25417
035 _a(UPRA)tmp15861507
040 _cUPRA
100 1 _aGuilbert, Jean-Jacques.
_6A56269.1
245 1 0 _aGuia pedagogica.
260 _aMadind :
_borganizacion mundial de la Salud Fundacion Juan March,
_c1976.
504 _aIncludes bibliographical references.
650 0 _aEducation -- Aims and objectives.
_xEducation -- Aims and objectives.
_6S3594.1
949 _aLB41
_wlcc
_i-25542
_mMAIN
_tBOOK
_lON-SHELF
004 25417
987 _aWITHDRAWN
987 _a260 Madind : typo?
999 _c185330
_d185330